44 berühmte Comics - Statistiken

Allgemein
  • Dieses Quiz wurde 116 mal gespielt
  • Das Durchschnittsergebnis liegt bei 18 aus 44
Antwortstatistiken
Autor / Zeichner Comic bsp. Figuren / Hinweis % Korrekt
René Goscinny & Alberto Uderzo Asterix & Obelix 🔸 Idefix🔸 Miraculix
93%
Bob Kane & Bill Finger Batman & Robin 🔸Bruce Wayne🔸Catwoman
86%
Walt Disney Donald Duck 🔸Tick, Trick & Track🔸Dagobert & Daisy
85%
Walt Disney Micky Maus /Mickey Mouse 🔸Minnie, Pluto & Goofy🔸😸 Karlo
82%
Pierre Culliford (Peyo) Die Schlümpfe 🔸Gargamel & Azrael
74%
Matt Groening Die Simpsons 🔸Marge & Homer🔸Bart, Lisa & Maggie
74%
Jerry Siegel & Joe Shuster Superman 🔸Clark Kent🔸Lois Lane
73%
Walt Disney Arielle, die Meerjungfrau 🔸🧜🏼 Triton, Ursula🔸 🤴🏻 Eric, 🐠 Fabius
69%
Stan Lee & Steve Ditko (Marvel) Spider - Man 🔸Peter Parker🔸Tante May
69%
Willam Hanna &Joseph Barbera Familie Feuerstein /The Flintstones 🔸Barney & Betty Geröllheimer🔸Fred & Wilma
65%
Elfie Donnelly Benjamin Blümchen 🔸 Otto🔸 Zoodirektor Tierlieb
64%
Charles M. Schulz Die Peanuts 🔸 Charlie Brown🔸 🐶 Snoopy
64%
Morris de Bévére Lucky Luke 🔸🐴 Jolly Jumper🔸🐶 Rantanplan
64%
Stephen Hillenburg SpongeBob 🔸Patrick & Robert🔸Thaddel & 🦀 Mr. Krabs
64%
Elisabeth Kaut (Ellis Kaut) Pumuckl 🔸Meister Eder🔸Frau Eichinger
60%
Wilhelm Busch Max & Moritz 🔸Witwe Bolte🔸Bauer Mecke
55%
Elfie Donnelly Bibi Blocksberg 🔸Bernhard & Barbara (Eltern)🔸Moni & Florian
53%
Peter Maffay, Rolf Zuckowski, H. Heine & Gregor Rottschalk Tabaluga 🔸⛄ Arktos
52%
Friz Freleng Der rosarote Panther 🔸Paulchen🔸Inspektor Clouseau
50%
Ben Hardaway, Tex Avery & Chuck Jones Bugs Bunny 🔸Roadrunner🔸Sylvester & Tweety
45%
Georges Remi (Hergé) Tim & Struppi 🔸orig. Tintin & Milou🔸Prof. Bienlein
45%
Willam Hanna & Joseph Barbera Tom & Jerry 🔸🙀 & 🐀🔸🐶 Spike & Tyke
39%
Jack Kirby & Joe Simon Captain America 🔸US - Stars & Stripes - Kostüm🔸Superheld
36%
Jim Davis Garfield 🔸Jon🔸 🐶 Odie, 😸 Arlene
36%
Runer Jonsson Wickie 🔸Kapitän Halvar
34%
Rolf Kauka Fix & Foxi 🔸2 🦊, 🦔 Stops 🔸🐺 Lupo, 🐰 Hops
32%
Elzie Segar Popeye 🔸Olivia🔸Bonzo & Wimpy
31%
Walt Disney 101 Dalmatiner 🔸 🐶 Lucky, 🐔 Spot🔸🐶 Goliath, 🐶 Rolly
29%
Chuck Jones Road Runner 🔸Willy Koyote
27%
Robert McKimson Speedy Gonzales 🔸 🐀 🇲🇽 🔸😸 Sylvester
24%
Dik Browne Hägar der Schreckliche 🔸Helga, Honi & Hamlet🔸Sven Glückspilz
21%
Andy Heyword, Bruno Bianchi& Jean Chalopin Inspector Gadget 🔸Sophie & 🐶Fino 🔸 Dr. Kralle
13%
Hal Foster Prinz Eisenherz 🔸👑 Artus🔸Sir Gawain
13%
Francisco Ibanez Clever & Smart 🔸Fred & Jeff🔸Dr. Bakterius
11%
Bruno Bozzetto Herr Rossi 🔸Signor R.🔸🐶 Gastone
9%
Leszek Lorek, Alfred Ledwig& Wladyslaw Nehrebecki Lolek & Bolek 🔸2 🇵🇱 Brüder
8%
Bob Clampett Schweinchen Dick 🔸🦆 Daffy & 🐷
8%
Manfred Schmidt Nick Knatterton 🔸 Virginia Peng
6%
Jeffrey O'Kelly Doctor Snuggles 🔸🐀 Knabber🔸 Mathilde Dosenfänger
5%
Alex Raymond Flash Gordon 🔸Dale Arden🔸👸🏼 Aura
5%
Edmond Hamilton Captain Future 🔸 Prof. Wright🔸🤖 Grag
4%
Studio DePatie - Freleng Sancho & Pancho 🔸 2 🐸🔸Koch Pedro
4%
Toei Animation Calimero 🔸Emily & Priscilla
3%
Hannes Hegen Digedags 🔸3 Kobolde🔸Ritter Runkel
2%
Keine übereinstimmenden Quizze gefunden
Verteilung der Resultate
Anzahl Personen mit jedem Resultat
Perzentil nach korrekt beantworteten Fragen
Ihre Resultats-Entwicklung
Sie haben dieses Quiz noch nicht gespielt